[Event "SVK-chT1W 1516"]
[Site "Slovakia"]
[Date "2016.03.19"]
[Round "10.8"]
[White "Reisel, Frantisek"]
[Black "Doucha, Ludvig"]
[Result "1-0"]
[WhiteElo "2060"]
[BlackElo "1966"]
[PlyCount "101"]
[EventDate "2015.10.24"]
[EventType "team-tourn"]
[EventRounds "11"]
[EventCountry "SVK"]
[SourceTitle "EXT 2017"]
[Source "ChessBase"]
[SourceDate "2016.10.25"]
[SourceVersion "1"]
[SourceVersionDate "2016.10.25"]
[SourceQuality "1"]
[WhiteTeam "Prievidza"]
[BlackTeam "Trnava Lokomotiva"]
[WhiteTeamCountry "SVK"]
[BlackTeamCountry "SVK"]

1. d4 Nf6 2. c4 c5 3. d5 e5 4. Nc3 d6 5. e4 g6 6. Bd3 Bg7 7. Nge2 Nh5 8. Qc2 0-0 9. Be3 Nd7 10. 0-0-0 a6 11. a3 Qc7 12. f3 b5 13. Nb1 Rb8 14. Rd2 Nf4 15. Nec3 Nxd3+ 16. Qxd3 bxc4 17. Qxc4 Nb6 18. Qe2 Bd7 19. Kd1 Na4 20. Ke1 Qa5 21. Nxa4 Bxa4 22. Nc3 Bd7 23. g4 Rb3 24. h4 Rfb8 25. Kf2 Qb6 26. Nd1 Bb5 27. Qe1 Bd3 28. h5 Qb5 29. Kg1 Qa5 30. Qf2 Bb5 31. Rh2 Ba4 32. hxg6 hxg6 33. Qh4 f6 34. Qh7+ Kf7 35. Rh6 Rg8 36. Qxg6+ Kf8 37. Rh7 Be8 38. Qf5 Qc7 39. Bh6 Qf7 40. Rxg7 Rxg7 41. Kf2 Kg8 42. Bxg7 Kxg7 43. Qe6 Qxe6 44. dxe6 Rb6 45. Ne3 Kf8 46. Nd5 Rb3 47. Nxf6 Ke7 48. Nxe8 Kxe8 49. Rxd6 Rxb2+ 50. Kg3 c4 51. Rxa6 1-0

[Event "SVK-chT2A 1516"]
[Site "Slovakia"]
[Date "2016.03.13"]
[Round "11.6"]
[White "Macko, Peter"]
[Black "Doucha, Ludvig"]
[Result "1-0"]
[WhiteElo "2136"]
[BlackElo "1946"]
[PlyCount "127"]
[EventDate "2015.10.17"]
[EventType "team-tourn"]
[EventRounds "11"]
[EventCountry "SVK"]
[SourceTitle "EXT 2017"]
[Source "ChessBase"]
[SourceDate "2016.10.25"]
[SourceVersion "1"]
[SourceVersionDate "2016.10.25"]
[SourceQuality "1"]
[WhiteTeam "Bratislava KSN"]
[BlackTeam "Trnava Lokomotiva II"]
[WhiteTeamCountry "SVK"]
[BlackTeamCountry "SVK"]

1. e4 e5 2. Nf3 d6 3. Bc4 c5 4. h3 Be7 5. 0-0 Nf6 6. Re1 0-0 7. c3 Nc6 8. d4 Qc7 9. dxc5 dxc5 10. Bg5 Nd8 11. Nbd2 Ne6 12. Bxf6 Bxf6 13. g3 Bd7 14. a4 b6 15. Nf1 Bc6 16. Qc2 Qb7 17. h4 a6 18. N3d2 Rfe8 19. Ne3 Rad8 20. Bd5 Nc7 21. c4 g6 22. Rad1 Ne6 23. Bxe6 fxe6 24. f3 Rd6 25. Nb1 Red8 26. Nc3 Rd4 27. Ne2 R4d6 28. b3 Bg7 29. Rxd6 Rxd6 30. Rd1 Qd7 31. Rxd6 Qxd6 32. Qd1 Qxd1+ 33. Nxd1 Bh6 34. Kf2 a5 35. Ne3 Kf7 36. Nc1 Bg7 37. g4 h5 38. Nd3 Bf6 39. Kg3 Bb7 40. Nd1 Bc6 41. Nc3 Bg7 42. Nb5 Ke7 43. Kh3 Bf6 44. Nc3 Kf7 45. Ne2 Bg7 46. Ng3 hxg4+ 47. fxg4 Bh8 48. g5 Bb7 49. Kg4 Bc6 50. h5 gxh5+ 51. Kxh5 Bg7 52. Nf2 Be8 53. g6+ Kf8 54. Kg5 Bc6 55. Nh5 Bb7 56. Nf6 Ke7 57. N2g4 Bc6 58. Nh5 Kf8 59. Ngf6 Bb7 60. Nxg7 Kxg7 61. Nh5+ Kf8 62. Kh6 Bxe4 63. g7+ Kf7 64. Nf6 1-0

[Event "SVK-chT2A 1516"]
[Site "Slovakia"]
[Date "2015.10.17"]
[Round "1.7"]
[White "Doucha, Ludvig"]
[Black "Kuna, Vladimir"]
[Result "1/2-1/2"]
[WhiteElo "1946"]
[BlackElo "2021"]
[PlyCount "71"]
[EventDate "2015.10.17"]
[EventType "team-tourn"]
[EventRounds "11"]
[EventCountry "SVK"]
[SourceTitle "CBM 169 Extra"]
[Source "ChessBase"]
[SourceDate "2015.12.18"]
[SourceVersion "1"]
[SourceVersionDate "2015.12.18"]
[SourceQuality "1"]
[WhiteTeam "Trnava Lokomotiva II"]
[BlackTeam "Bratislava DP"]
[WhiteTeamCountry "SVK"]
[BlackTeamCountry "SVK"]

1. e4 c5 2. c4 d6 3. Ne2 g6 4. d4 cxd4 5. Nxd4 Bg7 6. Nc3 Nf6 7. Be2 0-0 8. 0-0 Nc6 9. Be3 Nxd4 10. Bxd4 Bd7 11. f4 Bc6 12. Bf3 Nd7 13. Bxg7 Kxg7 14. Qd4+ Kg8 15. b4 Qb6 16. Qxb6 Nxb6 17. b5 Bd7 18. Be2 Be6 19. Nd5 Bxd5 20. cxd5 Rac8 21. Rac1 Rxc1 22. Rxc1 Rc8 23. Rxc8+ Nxc8 24. a4 Nb6 25. a5 Na4 26. Kf2 b6 27. axb6 axb6 28. Ke3 Nc5 29. Bd1 Kg7 30. Kd4 f6 31. g3 Kf7 32. f5 Kg7 33. h4 Nd7 34. g4 Ne5 35. Be2 Nf7 36. Bd1 1/2-1/2

[Event "SVK-chT2A 1415"]
[Site "Slovakia"]
[Date "2015.03.08"]
[Round "11.6"]
[White "Doucha, Ludvig"]
[Black "Vegh, Vince"]
[Result "1-0"]
[WhiteElo "2006"]
[BlackElo "1919"]
[PlyCount "87"]
[EventDate "2014.10.11"]
[EventType "team-tourn"]
[EventRounds "11"]
[EventCountry "SVK"]
[SourceTitle "EXT 2016"]
[Source "ChessBase"]
[SourceDate "2015.10.08"]
[SourceVersion "1"]
[SourceVersionDate "2015.10.08"]
[SourceQuality "1"]
[WhiteTeam "Trnava Lokomotiva II"]
[BlackTeam "Potonska Veza"]
[WhiteTeamCountry "SVK"]
[BlackTeamCountry "SVK"]

1. e4 c5 2. c4 e5 3. Nc3 Nf6 4. d3 Nc6 5. f4 exf4 6. Bxf4 d6 7. Nf3 Be7 8. Be2 0-0 9. 0-0 a6 10. Qd2 Bg4 11. Rae1 Bxf3 12. Bxf3 Nd4 13. Bd1 b5 14. b3 Qd7 15. h3 Rab8 16. e5 dxe5 17. Bxe5 Rb6 18. Bxf6 Rxf6 19. Rxf6 Bxf6 20. Nd5 Bd8 21. Qe3 Qd6 22. Qe5 Qg6 23. Re3 Ne6 24. Bh5 Qh6 25. Bxf7+ Kxf7 26. Qf5+ Kg8 27. Qxe6+ Qxe6 28. Rxe6 bxc4 29. dxc4 a5 30. g3 Bg5 31. Rc6 Rf5 32. h4 Bf6 33. Nxf6+ gxf6 34. Ra6 Kf7 35. Rxa5 Ke6 36. Kg2 h5 37. a3 Re5 38. b4 Re3 39. Rxc5 Rxa3 40. b5 f5 41. b6 Ra8 42. b7 Rb8 43. Rb5 Kd6 44. Kf3 1-0

[Event "SVK-chT2A 1415"]
[Site "Slovakia"]
[Date "2015.02.14"]
[Round "8.6"]
[White "Macko, Miroslav"]
[Black "Doucha, Ludvig"]
[Result "1/2-1/2"]
[WhiteElo "2010"]
[BlackElo "2006"]
[PlyCount "99"]
[EventDate "2014.10.11"]
[EventType "team-tourn"]
[EventRounds "11"]
[EventCountry "SVK"]
[SourceTitle "EXT 2016"]
[Source "ChessBase"]
[SourceDate "2015.10.08"]
[SourceVersion "1"]
[SourceVersionDate "2015.10.08"]
[SourceQuality "1"]
[WhiteTeam "Bratislava KSN"]
[BlackTeam "Trnava Lokomotiva II"]
[WhiteTeamCountry "SVK"]
[BlackTeamCountry "SVK"]

1. e4 e5 2. Nf3 d6 3. d4 exd4 4. Nxd4 g6 5. Nc3 Bg7 6. Be3 Nf6 7. Qd2 0-0 8. Bh6 Nc6 9. Bxg7 Kxg7 10. 0-0-0 Re8 11. h4 Nxe4 12. Nxe4 Rxe4 13. Nxc6 bxc6 14. h5 Qf6 15. hxg6 hxg6 16. Bd3 Rf4 17. Rde1 Bb7 18. f3 a5 19. Be4 Rh4 20. Rxh4 Qxh4 21. Qc3+ Qf6 22. Qxf6+ Kxf6 23. f4 Re8 24. Kd2 d5 25. Bf3 Rxe1 26. Kxe1 Kf5 27. g3 c5 28. Kf2 c4 29. c3 a4 30. a3 c5 31. Bg2 Ke6 32. Bh3+ Kd6 33. Ke3 f6 34. Bg4 Ba6 35. Bd1 Bb5 36. Bc2 g5 37. Bf5 Bd7 38. Bc2 gxf4+ 39. gxf4 Be8 40. Bd1 Bc6 41. Bg4 Ke7 42. Bf5 Kf7 43. Bg4 Kg6 44. Be2 Kf5 45. Bd1 Be8 46. Be2 Bf7 47. Bd1 Be8 48. Be2 Bc6 49. Bd1 Bb5 50. Be2 1/2-1/2